000 00967 a2200241 4500
999 _c3399
_d3399
020 _a0807762946 (alk. paper)
020 _a0807762938 (pbk. : alk. paper)
050 0 0 _aQ183.3.BAR 1998
100 1 _aBarton, Angela Calabrese.
_eauthor
245 1 0 _aFeminist science education /
_cAngela Calabrese Barton.
264 _aNew York :
_bTeachers College Press
_c1998
300 _axi, 156 p. :
_bill. ;
440 0 _aAthene series
500 _aIncludes bibliographical references and index.
504 _aIncludes bibliographical references (p. 143-149) and index.
650 0 _aScience
_xStudy and teaching (Higher)
650 0 _aFeminism and education
650 0 _aScience teachers
_xBiography.
650 0 _aWomen college teachers
_xBiography.
651 _aUnited State
942 _2lcc
_cBK
_h183.3
_iBAR
_kQ